Ekonomické dôsledky katastrof

Saved in:
Bibliographic Details
Main Author: Slepecký, Jaroslav
Other Authors: Ristvej, Jozef
Format: Book
Language:Slovak
Published: Žilina Žilinská univerzita v Žiline 2008
Series:Vedecké monografie
Subjects:
Tags: Add Tag
No Tags, Be the first to tag this record!

MARC

LEADER 00000nam$a2200000$$$4500
001 0089697
005 20240314092937.2
020 |a 978-80-8070-830-6 
041 0 |a slo 
044 |a SK 
245 1 0 |a Ekonomické dôsledky katastrof  |c Jaroslav Slepecký, Jozef Ristvej 
264 1 |a Žilina  |b Žilinská univerzita v Žiline  |c 2008 
300 |a 135 s. 
490 1 |a Vedecké monografie 
830 0 |a Vedecké monografie 
610 2 0 |a pohromy živelné 
610 2 0 |a modely 
610 2 0 |a história 
610 2 0 |a údaje štatistické 
610 2 0 |a škody 
610 2 0 |a terorizmus 
610 2 0 |a konflikty 
610 2 0 |a nehody 
610 2 0 |a trh finančný 
610 2 0 |a trh poistný 
610 2 0 |a zaisťovne 
610 2 0 |a poisťovne 
610 2 0 |a softvér 
610 2 0 |a Slovensko 
100 1 |a Slepecký, Jaroslav 
700 1 |a Ristvej, Jozef